000 00657nam a22001817a 4500
005 20251108164913.0
008 250721s2001 xx 000 0 ara d
082 1 4 _aم/212/زمخ
100 1 _aالزمخشري، جار الله أبو القاسم ... الخوارزمي
245 1 0 _aالكشاف عن حقائق التنزيل و عيون الأقاويل في وجوه التأويل /
250 _aط2.، طبعة جديدة
264 1 _aبيروت :
_bدار إحياء التراث العربي،
_c2001.
300 _a
650 1 7 _aالقرآن الكريم
650 1 7 _aتفسير القرآن
942 _2ddc
_cREF
999 _c17107
_d17107